Sentencias : herejías constitucionales /

Compilación de una serie de sentencias aprobadas entre 1993 y 2001 por la Corte Constitucional colombiana, cuya creación -tras la promulgación de la Carta Política de 1991- demarcó el inicio de una nueva etapa para el pensamiento jurídico y filosófico de la nación sudamericana. Carlos Gaviria Díaz,...

সম্পূর্ণ বিবরণ

সংরক্ষণ করুন:
গ্রন্থ-পঞ্জীর বিবরন
সংস্থা লেখক: Colombia. Corte Constitucional
অন্যান্য লেখক: Gaviria Díaz, Carlos (autor) (autor)
বিন্যাস: গ্রন্থ
ভাষা:স্প্যানিশ
প্রকাশিত: Bogotá, Colombia : Fondo de Cultura Económica, 2002, c2002
মালা:(Sección de Obras de Política y Derecho)
বিষয়গুলি:
ট্যাগগুলো: ট্যাগ যুক্ত করুন
কোনো ট্যাগ নেই, প্রথমজন হিসাবে ট্যাগ করুন!

MARC

LEADER 00000nam^a2200000^a^4500
001 000156442
005 20250521000000.0
009 20260310100504.543
020 |a 958-38-0085-6 
037 |a Acervo ITESO - Biblioteca 
041 |a ESP 
082 |a 348. 861  |b COL 
110 |a Colombia.  |b Corte Constitucional 
245 1 0 |a Sentencias :  |b herejías constitucionales /  |c C. Gaviria Díaz ; pról. de Alfredo Molano Bravo. 
264 4 |a Bogotá, Colombia :  |b Fondo de Cultura Económica,  |c 2002, c2002 
300 |a XXV, 453 p. 
336 |a texto  |b txt  |2 rdacontenido 
337 |a sin mediación  |b n  |2 rdamedio 
338 |a volumen  |b nc  |2 rdasoporte 
440 1 |a (Sección de Obras de Política y Derecho) 
520 |a Compilación de una serie de sentencias aprobadas entre 1993 y 2001 por la Corte Constitucional colombiana, cuya creación -tras la promulgación de la Carta Política de 1991- demarcó el inicio de una nueva etapa para el pensamiento jurídico y filosófico de la nación sudamericana. Carlos Gaviria Díaz, magistrado de esta Corte durante los años 1993-2001, fue ponente de todas las sentencias aquí recogidas, presentó y defendió el proyecto, que después, con o sin modificaciones, fue aprobado por la Sala. El consumo de drogas, la eutanasia, el incesto, la libertad de opinión, la libertad de información, la representación de la sexualidad y de la violencia en la televisión, la igualdad entre los géneros, la diversidad cultural o las circunstancias jurídicas de los indígenas son algunos de los temas abordados en las sentencias, muchos de ellos polémicos y varios carentes de algún precedente jurisprudencial. 
649 |a XX 
650 |a Jueces Colombianos 
650 |a Juristas Colombianos 
650 |a Abogados Colombianos 
650 |a Sentencias -  |z Colombia 
650 |a Tribunales Constitucionales -  |z Colombia 
650 |a Poder Judicial -  |z Colombia 
650 |a Derecho Procesal -  |z Colombia 
650 |a Derecho Procesal -  |z Colombia 
650 |a Derecho Constitucional -  |z Colombia 
650 |a Derecho Público -  |z Colombia -  |x Historia -  |y 1990-1994 
650 |a Derecho Público -  |z Colombia -  |x Historia -  |y 1994-1998 
650 |a Derecho Público -  |z Colombia -  |x Historia -  |y 1998- 
650 |a Derecho Público -  |z Colombia -  |x Historia -  |y Siglo XX 
650 |a Derecho Público -  |z Colombia -  |x Historia -  |y Siglo XXI 
650 |a Gaviria Díaz, Carlos 
700 |a Gaviria Díaz, Carlos  |e (autor) 
910 |a Fondo General 
920 |a Impresos - Libros 
930 |a Colección General 
905 |a 101 
901 |a 0500084298  |b IT1  |c ACC  |u 20250521 
902 |a https://opac.biblio.iteso.mx/vufind/Record/000156442